00810nam a2200217Ia 4500003000900000008004100009040001600050080001500066100003700081245015900118260003300277300001400310650003000324650001900354650001900373700003500392700002700427942000700454999001500461952011600476IN-BaIIA211028s9999 xx 000 0 eng d cIIA Library a517.2bGRA aGranville, William Anthony96020 0aElements of the differential and integral calculuscWilliam Anthony Granville, Percey F. Smith and William Raymond Longley  aCalcuttabOxford & IBHc1957 axi, 556p. aAnalytical Geometry91676 aCalculus91611 aNASA Thesaurus aLongley, William Raymond94647 aSmith, Percey F.96021 cBK c3399d3399 00104070aBANbBANcGENd1970-03-18g10.00l0o517.2/ GRAp3779r2021-11-05v10.00w1970-03-18yBKGRs. 10.00